00253nam a2200097Ia 4500008004100000041000800041100001500049245004100064260004200105300000800147230822s1934 xx 000 0 und d aeng aSMITH.A.B. aCONCRETE ROADS DESIGN & CONSTRUCTION bCONFEDERATION OF INDIA INDUSTRAc1934 a312